|
|
|
|
| LEADER |
03572nam a22004815i 4500 |
| 001 |
978-1-4614-2188-7 |
| 003 |
DE-He213 |
| 005 |
20151125211119.0 |
| 007 |
cr nn 008mamaa |
| 008 |
120217s2012 xxu| s |||| 0|eng d |
| 020 |
|
|
|a 9781461421887
|9 978-1-4614-2188-7
|
| 024 |
7 |
|
|a 10.1007/978-1-4614-2188-7
|2 doi
|
| 040 |
|
|
|d GrThAP
|
| 050 |
|
4 |
|a RC346-429.2
|
| 072 |
|
7 |
|a MJN
|2 bicssc
|
| 072 |
|
7 |
|a MED056000
|2 bisacsh
|
| 082 |
0 |
4 |
|a 616.8
|2 23
|
| 100 |
1 |
|
|a Pachner, Andrew R.
|e author.
|
| 245 |
1 |
2 |
|a A Primer of Neuroimmunological Disease
|h [electronic resource] /
|c by Andrew R. Pachner.
|
| 264 |
|
1 |
|a Boston, MA :
|b Springer US,
|c 2012.
|
| 300 |
|
|
|a XV, 208 p. 54 illus., 31 illus. in color.
|b online resource.
|
| 336 |
|
|
|a text
|b txt
|2 rdacontent
|
| 337 |
|
|
|a computer
|b c
|2 rdamedia
|
| 338 |
|
|
|a online resource
|b cr
|2 rdacarrier
|
| 347 |
|
|
|a text file
|b PDF
|2 rda
|
| 505 |
0 |
|
|a Preface -- Immunology for the non-immunologist -- Neurology for the non-neurologist -- Neuroimmunology for the non-neuroimmunologist -- The prototypic neuroimmunological CNS disease-multiple sclerosis, a précis -- Multiple sclerosis-diagnosis -- Multiple sclerosis mimics -- Multiple sclerosis therapy -- Experimental models of MS -- Guillain-Barre syndrome(GBS) and other immune-mediated neuropathies -- Neuromuscular neuroimmunological diseases- Myasthenia gravis -- The prototypic neuroimmunological muscle disease- dermatomyositis -- An introduction to neurological infections- neuro-infectious disease as part of neuroimmunology -- Neurological manifestations of systemic chronic inflammatory disease -- The neuroimmunology of cancer- Paraneoplastic syndromes and primary CNS lymphoma -- Neuroimmunology of degenerative diseases and stroke -- Important rare neuroimmunological diseases -- Neuroimmunological molecules and translational medicine -- Neuroimmunological diagnostic tests -- Therapy in Neuroimmunological Disease.
|
| 520 |
|
|
|a A Primer of Neuroimmunological Disease is a significant new resource for anyone interested in conditions such as multiple sclerosis(MS), myasthenia gravis, and neurological infections. It is a practical and balanced guide to the diagnosis and treatment of neuroimmunological disease. A Primer of Neuroimmunological Disease distinguishes itself by providing a range of features not generally included in texts on neuroimmunology. These include broad presentation of information in the form of figures and tables; strong cohesion among topics by focusing on a few prototypic neuroimmunological diseases, which serve as a foundation from which to explore other neuroimmunological diseases; a single author perspective, with references across chapters; and a focus on the overlap between neuroimmunological and neuroinfectious diseases. Neurologists, immunologists, infectious disease specialists, neuroscientists and others interested in neuroimmunological diseases such as MS will find A Primer of Neuroimmunological to be a state-of-the-art resource.
|
| 650 |
|
0 |
|a Medicine.
|
| 650 |
|
0 |
|a Immunology.
|
| 650 |
|
0 |
|a Neurosciences.
|
| 650 |
|
0 |
|a Infectious diseases.
|
| 650 |
|
0 |
|a Neurology.
|
| 650 |
1 |
4 |
|a Medicine & Public Health.
|
| 650 |
2 |
4 |
|a Neurology.
|
| 650 |
2 |
4 |
|a Immunology.
|
| 650 |
2 |
4 |
|a Infectious Diseases.
|
| 650 |
2 |
4 |
|a Neurosciences.
|
| 710 |
2 |
|
|a SpringerLink (Online service)
|
| 773 |
0 |
|
|t Springer eBooks
|
| 776 |
0 |
8 |
|i Printed edition:
|z 9781461421870
|
| 856 |
4 |
0 |
|u http://dx.doi.org/10.1007/978-1-4614-2188-7
|z Full Text via HEAL-Link
|
| 912 |
|
|
|a ZDB-2-SME
|
| 950 |
|
|
|a Medicine (Springer-11650)
|